| 000 | 00646nam a22001937a 4500 | ||
|---|---|---|---|
| 003 | IT-MiCISF | ||
| 005 | 20250120095057.0 | ||
| 008 | 210210b ||||| |||| 00| 0 eng d | ||
| 040 | _cIT-MiCISF | ||
| 041 | _ait | ||
| 100 |
_aSave the Children _958740 |
||
| 245 |
_aL'isola dei tesori. _bAtlante dell'infanzia (a rischio) in Italia |
||
| 260 |
_bSave the children, _c2010, _aMilano |
||
| 300 | _app. 128 | ||
| 500 | _ainfanzia, bambini-a-rischio, società , statistica, bambini-immigrati, territorio, servizi-infanzia, scuola, nuovi-media, tribunale-minorenni | ||
| 650 |
_aetà -evolutiva _956123 |
||
| 654 | _arapporto | ||
| 942 |
_2ddc _cDD |
||
| 999 |
_c359199 _d359199 |
||